[Event "1. jun. liga - 2017."]
[Site "Sv. Filip i Jakov, TN "]
[Date "2017.04.23"]
[Round "7.1"]
[White "Mesar, Vedran"]
[Black "Jancikic, Matija"]
[Result "0-1"]
[WhiteElo "1504"]
[BlackElo "1909"]
[PlyCount "94"]
[EventDate "2017.04.18"]

1. e4 e5 2. Nf3 Nc6 3. Bc4 Bc5 4. O-O d6 5. c3 Bg4 6. a4 a5 7. d3 Nf6 8. Nbd2
O-O 9. Nb3 Bb6 10. Be3 Bxe3 11. fxe3 Qe7 12. Qc2 Be6 13. Bxe6 Qxe6 14. Rae1
Rfe8 15. Nbd2 h6 16. Nh4 Ne7 17. d4 d5 18. exd5 Qxd5 19. Nf5 Qe6 20. e4 Nxf5
21. Rxf5 exd4 22. cxd4 Qb6 23. Nb3 Qb4 24. Re3 Rxe4 25. Rxe4 Nxe4 26. Qxe4 Qxb3
27. h3 Qxb2 28. Qd5 Rf8 29. Qd7 Qc1+ 30. Kh2 b6 31. Re5 Qf4+ 32. Kg1 Qc1+ 33.
Kh2 Qc4 34. Re7 Qb4 35. Qxc7 Qxd4 36. Rd7 Qxa4 37. Rd6 Qf4+ 38. Kg1 Qe3+ 39.
Kh2 Qe5+ 40. Kh1 Qe1+ 41. Kh2 Qe5+ 42. Kh1 b5 43. Qc6 b4 44. Rd1 Qc3 45. Qa4 b3
46. Rb1 b2 47. Qe4 Qc1+ 0-1

[Event "1. jun. liga - 2017."]
[Site "Sv. Filip i Jakov, TN "]
[Date "2017.04.23"]
[Round "7.2"]
[White "Pavcevic, Bruno"]
[Black "Cotic, Borna"]
[Result "0-1"]
[WhiteElo "2073"]
[BlackElo "1985"]
[PlyCount "56"]
[EventDate "2017.04.18"]

1. e4 c5 2. Nf3 e6 3. d4 cxd4 4. Nxd4 Nc6 5. Be3 Qc7 6. Be2 Nf6 7. Nd2 a6 8.
O-O d5 9. Nxc6 bxc6 10. c4 Bd6 11. f4 dxe4 12. c5 Be7 13. Qc2 O-O 14. Nxe4 Nxe4
15. Qxe4 Bf6 16. Rab1 a5 17. Bf3 Bd7 18. Rfd1 Rfd8 19. Rd2 Be8 20. Rbd1 Rxd2
21. Rxd2 Rd8 22. Rxd8 Qxd8 23. b3 Bc3 24. Qc4 Bd2 25. Kf2 Qh4+ 26. g3 Qxh2+ 27.
Bg2 Bxe3+ 28. Kf3 Qg1 0-1

[Event "1. jun. liga - 2017."]
[Site "Sv. Filip i Jakov, TN "]
[Date "2017.04.23"]
[Round "7.2"]
[White "Simunic, Krunoslav"]
[Black "Erenda, Bruno"]
[Result "1-0"]
[WhiteElo "1947"]
[BlackElo "2091"]
[PlyCount "177"]
[EventDate "2017.04.18"]

1. d4 d5 2. c4 dxc4 3. e3 Nf6 4. Bxc4 e6 5. Nf3 c5 6. O-O a6 7. dxc5 Qxd1 8.
Rxd1 Bxc5 9. Nc3 b5 10. Bd3 Bb7 11. Nd2 Nbd7 12. a3 Rc8 13. Nce4 Be7 14. Nxf6+
Nxf6 15. Nb3 O-O 16. Bd2 Ne4 17. Bxe4 Bxe4 18. Bc3 Bd5 19. Nd4 Rfd8 20. Rac1
Bf6 21. Ba5 Re8 22. h3 g6 23. Bc3 Kg7 24. Re1 e5 25. Ne2 Bb3 26. Ba5 Be7 27.
Rxc8 Rxc8 28. Rc1 Rxc1+ 29. Nxc1 Bc4 30. Bc3 f6 31. f3 Bc5 32. Kf2 Kf7 33. Bd2
f5 34. b3 Bd5 35. b4 Bd6 36. Nd3 Bc6 37. g4 e4 38. fxe4 fxe4 39. Nf4 Be5 40.
Bc1 Ke7 41. h4 Kd6 42. Ke2 Bc3 43. g5 Bd7 44. Kf2 Bg4 45. Kg3 Bf3 46. Kf2 Ke5
47. Kf1 Bd1 48. Kf2 Bg4 49. Kf1 Bd1 50. Kf2 Bf3 51. Kf1 Kf5 52. Nd5 Be5 53. Kf2
Bd1 54. Bd2 Bb3 55. Ne7+ Kg4 56. Nc6 Bg3+ 57. Kg2 Kxh4 58. Bc3 Bd6 59. Bf6 Kg4
60. Nd4 Bd5 61. Kf2 Bc4 62. Kg2 Kh5 63. Nc6 h6 64. gxh6 Kxh6 65. Nd4 g5 66.
Nf5+ Kg6 67. Nxd6 Kxf6 68. Nxe4+ Kf5 69. Nc5 Ke5 70. Kg3 Be2 71. Nxa6 Kd5 72.
Nc5 g4 73. Kf4 Bd1 74. Nd3 Be2 75. Nc5 Bd1 76. e4+ Kd4 77. e5 g3 78. Kxg3 Kxe5
79. Kf2 Kd4 80. Ke1 Bh5 81. Kd2 Kc4 82. Kc2 Bg6+ 83. Kb2 Bh5 84. Ne4 Be2 85.
Nd6+ Kd5 86. Nf5 Bf3 87. Kc3 Bh1 88. Nd4 Bg2 89. Nxb5 1-0

[Event "1. jun. liga - 2017."]
[Site "Sv. Filip i Jakov, TN "]
[Date "2017.04.23"]
[Round "7.2"]
[White "Balen, Teo"]
[Black "Juric Cvitanovic, Katislav"]
[Result "1-0"]
[WhiteElo "1995"]
[BlackElo "1812"]
[PlyCount "59"]
[EventDate "2017.04.18"]

1. d4 c5 2. d5 g6 3. c4 e6 4. Nc3 exd5 5. cxd5 d6 6. e4 Bg7 7. Bd3 Nf6 8. Nge2
O-O 9. O-O Na6 10. h3 Nb4 11. Bb1 Rb8 12. a3 Na6 13. f4 Re8 14. Ng3 h5 15. e5
dxe5 16. fxe5 Rxe5 17. Bf4 Rxd5 18. Nxd5 Nxd5 19. Bxb8 Bd4+ 20. Kh1 Ne3 21. Qf3
Nxf1 22. Ba2 Nxg3+ 23. Bxg3 Bf5 24. Qxb7 Qf6 25. Rf1 h4 26. Bxh4 Qg7 27. Qxa6
Qh7 28. Qxa7 g5 29. Qxf7+ Kh8 30. Qf8+ 1-0

[Event "1. jun. liga - 2017."]
[Site "Sv. Filip i Jakov, TN "]
[Date "2017.04.23"]
[Round "7.3"]
[White "Tomulic, Teo"]
[Black "Plenca, Jadranko"]
[Result "0-1"]
[WhiteElo "2271"]
[BlackElo "2431"]
[PlyCount "98"]
[EventDate "2017.04.18"]

1. e4 e5 2. Nf3 Nc6 3. Bb5 a6 4. Ba4 Nf6 5. O-O Be7 6. Re1 b5 7. Bb3 O-O 8. c3
d6 9. h3 Nb8 10. d4 Nbd7 11. Bg5 Bb7 12. Nbd2 c5 13. Qe2 h6 14. Bh4 Re8 15.
Rad1 Qc7 16. Bg3 Bf8 17. d5 c4 18. Bc2 a5 19. Nh2 Nc5 20. Ng4 Nxg4 21. Qxg4 Bc8
22. Qe2 Ba6 23. f4 exf4 24. Bxf4 b4 25. Qg4 bxc3 26. bxc3 Kh8 27. e5 Nd3 28.
Bxd3 cxd3 29. exd6 Qxc3 30. d7 Red8 31. Qf5 Qc5+ 32. Kh1 Qb5 33. Qxf7 Rxd7 34.
Qg6 Qxd5 35. Rf1 Bb7 36. Nf3 Rf7 37. Qg3 Qe4 38. Ne5 Rf6 39. Rde1 Qh7 40. Bd2
Rxf1+ 41. Rxf1 Qe4 42. Bc3 Rc8 43. Ba1 d2 44. Bb2 Qe2 45. Rg1 d1=Q 46. Ng6+ Kg8
47. Nxf8 Qxg1+ 48. Kxg1 Qxb2 49. Ne6 Qxg2+ 0-1

[Event "1. jun. liga - 2017."]
[Site "Sv. Filip i Jakov, TN "]
[Date "2017.04.23"]
[Round "7.3"]
[White "Bosnjak, Petar"]
[Black "Safar, Sandro"]
[Result "1/2-1/2"]
[WhiteElo "2275"]
[BlackElo "2126"]
[PlyCount "41"]
[EventDate "2017.04.18"]

1. e4 c5 2. Nf3 Nc6 3. d4 cxd4 4. Nxd4 g6 5. c4 Bg7 6. Nc2 d6 7. Be2 Nf6 8. Nc3
O-O 9. O-O Be6 10. Rb1 Nd7 11. Nd5 Nc5 12. f3 a5 13. Be3 f5 14. exf5 Bxf5 15.
g4 Bxc2 16. Qxc2 e6 17. Nc3 Bd4 18. Qd2 Qf6 19. Rbd1 e5 20. Nb5 Rae8 21. Rf2
1/2-1/2

[Event "1. jun. liga - 2017."]
[Site "Sv. Filip i Jakov, TN "]
[Date "2017.04.23"]
[Round "7.3"]
[White "Batory, Lucija"]
[Black "Cvitan, Ena"]
[Result "0-1"]
[WhiteElo "1676"]
[BlackElo "2170"]
[PlyCount "63"]
[EventDate "2017.04.18"]

1. e4 c6 2. Nc3 d5 3. Nf3 dxe4 4. Nxe4 Nf6 5. Nxf6+ gxf6 6. d4 Bg4 7. Be2 Qc7
8. Be3 Nd7 9. Qd2 Nb6 10. Bf4 Qd7 11. h3 Bh5 12. O-O-O Qd5 13. Kb1 e6 14. g4
Bg6 15. Nh4 Bd6 16. Bg3 O-O-O 17. Nxg6 hxg6 18. c3 f5 19. gxf5 exf5 20. h4 f4
21. Bxf4 Qe4+ 22. Qd3 Qxd3+ 23. Bxd3 Bxf4 24. Bc2 Nc4 25. a3 Nd2+ 26. Ka1 Nf3
27. Bb3 f6 28. Be6+ Kb8 29. Bf7 Nxh4 30. Rhg1 g5 31. Bb3 Rh7 32. Be6 0-1

[Event "1. jun. liga - 2017."]
[Site "Sv. Filip i Jakov, TN "]
[Date "2017.04.23"]
[Round "7.3"]
[White "Duda, Daniel"]
[Black "Troselj, Ivan"]
[Result "1-0"]
[WhiteElo "1857"]
[BlackElo "1690"]
[PlyCount "71"]
[EventDate "2017.04.18"]

1. d4 d5 2. c4 e6 3. Nc3 Nf6 4. Bg5 Be7 5. Nf3 Nbd7 6. e3 c6 7. Bd3 h6 8. Bf4
Nh5 9. Be5 O-O 10. O-O Nhf6 11. Qc2 b6 12. cxd5 exd5 13. Rac1 Bb7 14. Bf5 Nxe5
15. dxe5 Nd7 16. e6 fxe6 17. Bxe6+ Kh8 18. Bxd7 Rxf3 19. Bf5 Rxf5 20. Qxf5 Bd6
21. Rfd1 Qe7 22. Ne2 Rf8 23. Qh3 c5 24. Nf4 Bxf4 25. exf4 Rxf4 26. Re1 Re4 27.
Rxe4 Qxe4 28. Qf3 Qg6 29. Re1 Bc6 30. h4 d4 31. Qh3 d3 32. Re6 Qf7 33. Rxc6 c4
34. Qe6 Qh5 35. Rc8+ Kh7 36. Qg8+ 1-0

[Event "1. jun. liga - 2017."]
[Site "Sv. Filip i Jakov, TN "]
[Date "2017.04.23"]
[Round "7.4"]
[White "Ghersinich, Enrico"]
[Black "Muha, Miljenko"]
[Result "1/2-1/2"]
[WhiteElo "2029"]
[BlackElo "2268"]
[PlyCount "87"]
[EventDate "2017.04.18"]

1. e4 e6 2. d4 d5 3. Nd2 Be7 4. Ngf3 Nf6 5. e5 Nfd7 6. Bd3 c5 7. c3 b6 8. O-O
Ba6 9. Bxa6 Nxa6 10. Re1 Nab8 11. Nf1 Nc6 12. Ng3 O-O 13. Qa4 Qc7 14. dxc5 bxc5
15. Bf4 Rab8 16. Nh5 c4 17. b4 g6 18. Ng3 Rfc8 19. Qc2 Bf8 20. Rad1 Bg7 21. Qe2
a5 22. a3 axb4 23. axb4 Ra8 24. Qe3 Ra3 25. b5 Na7 26. Rxd5 Nc5 27. b6 Qxb6 28.
Rd6 Qc7 29. Bh6 Nb5 30. Bxg7 Kxg7 31. Red1 h6 32. Qf4 Nd3 33. Qf6+ Kh7 34. Ne4
Qa7 35. Rd8 Rxd8 36. Qxd8 Qa8 37. Nfg5+ hxg5 38. Nxg5+ Kh6 39. Nxf7+ Kh7 40.
Qf6 Ra1 41. Ng5+ Kh6 42. Nf7+ Kh7 43. Ng5+ Kh6 44. Nf7+ 1/2-1/2

[Event "1. jun. liga - 2017."]
[Site "Sv. Filip i Jakov, TN "]
[Date "2017.04.23"]
[Round "7.4"]
[White "Starcevic, Ante Leon"]
[Black "Pahljina, Marko"]
[Result "1-0"]
[WhiteElo "2120"]
[BlackElo "1922"]
[PlyCount "81"]
[EventDate "2017.04.18"]

1. c4 d6 2. Nc3 Nf6 3. g3 e5 4. Bg2 Be7 5. Nf3 O-O 6. O-O c6 7. d3 Nbd7 8. b4
a5 9. b5 Qc7 10. Ba3 Re8 11. Nh4 Nc5 12. Qd2 Bd7 13. Rab1 Bf8 14. f4 Rad8 15.
Bxc5 dxc5 16. f5 cxb5 17. Nxb5 Bxb5 18. Rxb5 b6 19. Rfb1 Rd6 20. Qb2 Nd7 21.
Bd5 Be7 22. Nf3 Bd8 23. Qd2 Nf6 24. e4 h6 25. Qg2 Nd7 26. h4 Nb8 27. g4 Nc6 28.
Rxb6 Qxb6 29. Rxb6 Bxb6 30. g5 Nb4 31. f6 Nxd5 32. exd5 e4 33. dxe4 Rxe4 34.
gxh6 g6 35. Ng5 Rxh4 36. Qg3 Rxc4 37. h7+ Kh8 38. Nxf7+ Kxh7 39. Qh3+ Kg8 40.
Qh8+ Kxf7 41. Qg7+ 1-0

[Event "1. jun. liga - 2017."]
[Site "Sv. Filip i Jakov, TN "]
[Date "2017.04.23"]
[Round "7.4"]
[White "Mainenti, Kevin"]
[Black "Blazeka, Mihaela"]
[Result "0-1"]
[WhiteElo "1816"]
[BlackElo "2037"]
[PlyCount "128"]
[EventDate "2017.04.18"]

1. e4 e5 2. Nf3 Nc6 3. Bc4 Bc5 4. d3 Nf6 5. Nc3 d6 6. Be3 Bb6 7. Qd2 Na5 8. Bb3
Nxb3 9. axb3 c6 10. d4 exd4 11. Bxd4 Bxd4 12. Nxd4 O-O 13. O-O Re8 14. Rfe1 Ng4
15. Nf3 Ne5 16. Nxe5 dxe5 17. Qxd8 Rxd8 18. Red1 Rxd1+ 19. Rxd1 Be6 20. Na4 b6
21. Rd6 Rc8 22. f3 Kf8 23. Kf2 Ke7 24. Rd2 c5 25. Nc3 c4 26. bxc4 Bxc4 27. Nd1
g6 28. Ne3 Be6 29. c3 Rc5 30. g4 f6 31. h4 b5 32. h5 gxh5 33. gxh5 a5 34. Rd1
a4 35. Rg1 Kf8 36. h6 Rc7 37. Ng4 Ke7 38. Ne3 Kd6 39. Rg7 Rf7 40. Ke2 Rxg7 41.
hxg7 Ke7 42. Nd5+ Kf7 43. g8=Q+ Kxg8 44. Nxf6+ Kg7 45. Ne8+ Kf7 46. Nc7 Bc4+
47. Kf2 Kg6 48. Ne8 Kg5 49. Nd6 h5 50. Nf5 Be6 51. Ne3 h4 52. Nf1 Kf4 53. Nh2
Bh3 54. Kg1 Kg3 55. Kh1 Bg2+ 56. Kg1 Bxf3 57. Nf1+ Kf4 58. Nd2 Bxe4 59. c4 bxc4
60. Nxc4 Kg3 61. Nd6 Bd3 62. Nf7 h3 63. Ng5 h2+ 64. Kh1 e4 0-1

[Event "1. jun. liga - 2017."]
[Site "Sv. Filip i Jakov, TN "]
[Date "2017.04.23"]
[Round "7.4"]
[White "Markovic, Franjo-Josip"]
[Black "Purini, Bruno"]
[Result "1-0"]
[WhiteElo "1979"]
[BlackElo "1267"]
[PlyCount "67"]
[EventDate "2017.04.18"]

1. d4 d5 2. c4 Nf6 3. cxd5 Nxd5 4. e4 Nf6 5. Nc3 e6 6. Bd3 Bb4 7. Nf3 Nc6 8.
O-O h6 9. Qe2 O-O 10. e5 Nd5 11. Nxd5 exd5 12. Rd1 f6 13. Bc2 Re8 14. Qd3 fxe5
15. Qh7+ Kf8 16. Nxe5 Nxe5 17. dxe5 Rxe5 18. Qh8+ Ke7 19. Qxg7+ Ke6 20. Bf4 Qf6
21. Bxe5 Qxg7 22. Bxg7 Bd7 23. Bxh6 Bd6 24. Re1+ Kf7 25. g3 b6 26. Rad1 c6 27.
Bb3 Be6 28. Bg7 Bg4 29. f3 Bxf3 30. Rf1 Bc5+ 31. Bd4 Ke6 32. Rxf3 Bxd4+ 33.
Rxd4 Ke5 34. Rdf4 1-0